Flessibilit ̉e tutele nel lavoro

Detalles Bibliográficos
Autor principal: Chieco, Pasquale
Formato: eBook
Lenguaje:italiano
Publicado: Bari : Cacucci Editore, 2013
Materias:
Acceso en línea:http://www.vlex.com/source/11176

MARC

LEADER 00000nam a22000007a 4500
005 20130426155923.0
007 cr|||| ||||
008 130426e2013 it |||||s|||| 00||0 ita d
020 |a 978-88-6611-251-8 
035 |a 11176 
040 |a vLex 
090 |c 4206  |d 4206 
100 1 0 |a Chieco, Pasquale 
245 1 0 |a Flessibilit ̉e tutele nel lavoro  |c / Pasquale Chieco   |h [Recurso electrn̤ico] 
256 |a Servicio en ln̕ea 
260 |a Bari :  |b Cacucci Editore,   |c 2013 
300 |a 1 Recurso electrn̤ico 
506 |d vLex Global  |d vLex Global (Academic Edition, excluding Law Schools)  |d vLex Global (U.S. Academic Edition, Law Schools)  |d vLex Global (U.S. Academic Edition, excluding Law Schools)  |d vLex Global (Academic Edition, Law Schools) 
650 0 4 |a Derecho laboral y Seguridad Social  |z Italia 
740 |a vLex Libros (Servicio en ln̕ea) 
856 |a Acceso restringido  |u http://www.vlex.com/source/11176 
942 |c BOOK 
999 0 |a Labor law and legislation